[Event "Moscow Open 2018 AB"]
[Site "?"]
[Date "2018.01.31"]
[Round "5.1"]
[White "Savchenko, Boris"]
[Black "Nabaty, Tamir"]
[Result "1/2-1/2"]
[BlackElo "2658"]
[WhiteElo "2566"]
[LiveChessVersion "1.4.8"]

1. e4 {[%clk 1:24:43]} e5 {[%clk 1:30:43]} 2. Nf3 {[%clk 1:25:05]} Nf6
{[%clk 1:30:56]} 3. Nxe5 {[%clk 1:22:20]} d6 {[%clk 1:31:15]} 4. Nf3
{[%clk 1:22:43]} Nxe4 {[%clk 1:31:31]} 5. Qe2 {[%clk 1:23:05]} Qe7
{[%clk 1:31:35]} 6. d3 {[%clk 1:22:01]} Nf6 {[%clk 1:31:14]} 7. Bg5
{[%clk 1:22:25]} Qxe2+ {[%clk 1:28:39]} 8. Bxe2 {[%clk 1:22:49]} Be7
{[%clk 1:28:25]} 9. Nc3 {[%clk 1:23:12]} h6 {[%clk 1:25:12]} 10. Bd2
{[%clk 1:23:32]} Nc6 {[%clk 1:24:21]} 11. Nb5 {[%clk 1:11:38]} Kd8
{[%clk 1:21:57]} 12. c4 {[%clk 1:05:28]} Bf5 {[%clk 1:13:20]} 13. O-O-O
{[%clk 1:03:50]} Kd7 {[%clk 1:09:46]} 14. Nbd4 {[%clk 1:02:04]} Nxd4
{[%clk 1:06:57]} 15. Nxd4 {[%clk 1:02:17]} Bg6 {[%clk 1:07:21]} 16. g4
{[%clk 1:01:55]} Rae8 {[%clk 1:01:07]} 17. f4 {[%clk 0:38:41]} c5
{[%clk 0:47:17]} 18. Nf5 {[%clk 0:21:43]} h5 {[%clk 0:46:30]} 19. Nxg7
{[%clk 0:17:11]} Reg8 {[%clk 0:46:32]} 20. Nxh5 {[%clk 0:17:15]} Nxh5
{[%clk 0:46:18]} 21. f5 {[%clk 0:16:53]} Bxf5 {[%clk 0:28:08]} 22. gxf5
{[%clk 0:17:07]} Bg5 {[%clk 0:28:30]} 23. Bf3 {[%clk 0:15:07]} Bxd2+
{[%clk 0:28:44]} 24. Rxd2 {[%clk 0:12:41]} b6 {[%clk 0:22:58]} 25. d4
{[%clk 0:11:14]} cxd4 {[%clk 0:18:26]} 26. Rxd4 {[%clk 0:11:07]} Nf6
{[%clk 0:18:35]} 27. Rhd1 {[%clk 0:10:22]} Rc8 {[%clk 0:18:13]} 28. h4
{[%clk 0:06:52]} Ke7 {[%clk 0:16:11]} 29. Re1+ {[%clk 0:05:26]} Kd7
{[%clk 0:16:39]} 30. Bb7 {[%clk 0:01:01]} Rc5 {[%clk 0:09:49]} 31. Ba6
{[%clk 0:01:03]} d5 {[%clk 0:10:16]} 32. b4 {[%clk 0:01:19]} Rc7 {[%clk 0:10:38]}
33. Kb2 {[%clk 0:00:48]} Kd6 {[%clk 0:08:49]} 34. cxd5 {[%clk 0:01:12]} Nd7
{[%clk 0:07:56]} 35. Re2 {[%clk 0:00:45]} Ne5 {[%clk 0:07:33]} 36. f6
{[%clk 0:00:38]} Rh6 {[%clk 0:03:57]} 37. Rf2 {[%clk 0:00:55]} Nd7
{[%clk 0:02:21]} 38. Rdf4 {[%clk 0:00:48]} Ne5 {[%clk 0:02:48]} 39. Rd4
{[%clk 0:00:38]} Nd7 {[%clk 0:03:14]} 40. Rdf4 {[%clk 0:30:36]} Ne5
{[%clk 0:33:21]} 41. Rh2 {[%clk 0:25:00]} Nd7 {[%clk 0:31:55]} 42. h5
{[%clk 0:25:04]} Ne5 {[%clk 0:29:31]} 43. Be2 {[%clk 0:14:31]} Rc8
{[%clk 0:27:16]} 44. Rh3 {[%clk 0:11:58]} Rg8 {[%clk 0:25:58]} 45. Rf2
{[%clk 0:08:24]} Nd7 {[%clk 0:11:35]} 46. Ra3 {[%clk 0:03:41]} Nxf6
{[%clk 0:09:29]} 47. Rxa7 {[%clk 0:03:53]} Ne4 {[%clk 0:09:37]} 48. Rb7
{[%clk 0:02:49]} Kxd5 {[%clk 0:07:55]} 49. Rf5+ {[%clk 0:02:52]} Kd4
{[%clk 0:04:44]} 50. Rd7+ {[%clk 0:00:36]} Ke3 {[%clk 0:04:02]} 51. Bf1
{[%clk 0:00:34]} Nd6 {[%clk 0:01:23]} 52. Re7+ {[%clk 0:00:51]} Kd4
{[%clk 0:01:20]} 53. Rf2 {[%clk 0:00:34]} Nc4+ {[%clk 0:00:46]} 54. Bxc4
{[%clk 0:00:34]} Kxc4 {[%clk 0:01:14]} 55. Re5 {[%clk 0:00:38]} Rg4
{[%clk 0:01:08]} 56. Ka3 {[%clk 0:00:32]} Rh8 {[%clk 0:00:34]} 57. Rc2+
{[%clk 0:00:37]} Kd4 {[%clk 0:00:50]} 58. Rb5 {[%clk 0:00:32]} Rg3+
{[%clk 0:00:40]} 59. Kb2 {[%clk 0:00:57]} Rh6 {[%clk 0:01:07]} 60. Rd2+
{[%clk 0:00:32]} Kc4 {[%clk 0:01:08]} 61. Rf5 {[%clk 0:00:39]} Rg4
{[%clk 0:01:15]} 62. Ka3 {[%clk 0:01:00]} Rh4 {[%clk 0:00:58]} 63. Rc2+
{[%clk 0:00:33]} Kd3 {[%clk 0:01:06]} 64. Kb3 {[%clk 0:00:52]} R6xh5
{[%clk 0:00:54]} 65. Rc3+ {[%clk 0:01:04]} Ke4 {[%clk 0:00:39]} 66. Rxf7
{[%clk 0:01:16]} b5 {[%clk 0:00:49]} 67. Re7+ {[%clk 0:01:14]} Kd5
{[%clk 0:00:55]} 68. Rb7 {[%clk 0:00:32]} Kd6 {[%clk 0:01:14]} 69. a4
{[%clk 0:00:37]} bxa4+ {[%clk 0:01:20]} 70. Kxa4 {[%clk 0:01:02]} Rh1
{[%clk 0:01:38]} 71. b5 {[%clk 0:00:33]} Ra1+ {[%clk 0:02:00]} 72. Kb4
{[%clk 0:00:56]} Rh4+ {[%clk 0:02:04]} 73. Kb3 {[%clk 0:01:20]} Rb1+
{[%clk 0:01:56]} 74. Ka3 {[%clk 0:00:46]} Rhb4 {[%clk 0:02:05]} 75. Rc1
{[%clk 0:00:34]} 1/2-1/2

[Event "Moscow Open 2018 AB"]
[Site "?"]
[Date "2018.01.31"]
[Round "5.2"]
[White "Mozharov, Mikhail"]
[Black "Shukh, Nikolai"]
[Result "1/2-1/2"]
[BlackElo "2435"]
[WhiteElo "2539"]
[LiveChessVersion "1.4.8"]

1. e4 {[%clk 1:30:57]} e5 {[%clk 1:29:46]} 2. Nf3 {[%clk 1:31:14]} Nc6
{[%clk 1:30:10]} 3. Bb5 {[%clk 1:31:40]} a6 {[%clk 1:30:37]} 4. Ba4
{[%clk 1:32:06]} Nf6 {[%clk 1:31:02]} 5. O-O {[%clk 1:32:22]} Nxe4
{[%clk 1:28:52]} 6. d4 {[%clk 1:31:18]} b5 {[%clk 1:29:19]} 7. Bb3
{[%clk 1:31:45]} d5 {[%clk 1:29:45]} 8. dxe5 {[%clk 1:32:10]} Be6
{[%clk 1:30:13]} 9. Nbd2 {[%clk 1:32:32]} Nc5 {[%clk 1:30:27]} 10. c3
{[%clk 1:32:45]} Be7 {[%clk 1:29:22]} 11. Bc2 {[%clk 1:31:46]} Bg4
{[%clk 1:29:33]} 12. h3 {[%clk 1:19:50]} Bh5 {[%clk 1:28:23]} 13. Re1
{[%clk 1:17:40]} O-O {[%clk 1:24:50]} 14. b4 {[%clk 0:56:48]} Ne6
{[%clk 1:23:18]} 15. a4 {[%clk 0:56:33]} Qd7 {[%clk 1:12:04]} 16. axb5
{[%clk 0:52:22]} axb5 {[%clk 1:12:25]} 17. Rxa8 {[%clk 0:52:40]} Rxa8
{[%clk 1:12:48]} 18. Bd3 {[%clk 0:52:38]} d4 {[%clk 0:50:12]} 19. Nb3
{[%clk 0:52:12]} Rb8 {[%clk 0:48:17]} 20. Be4 {[%clk 0:45:20]} Bg6
{[%clk 0:45:54]} 21. Bxg6 {[%clk 0:38:59]} hxg6 {[%clk 0:45:11]} 22. Nfxd4
{[%clk 0:37:49]} Ncxd4 {[%clk 0:44:44]} 23. Nxd4 {[%clk 0:38:02]} Nxd4
{[%clk 0:43:07]} 24. Be3 {[%clk 0:31:50]} Rd8 {[%clk 0:40:17]} 25. Bxd4
{[%clk 0:32:03]} Bxb4 {[%clk 0:40:17]} 26. e6 {[%clk 0:30:10]} fxe6
{[%clk 0:40:40]} 27. Qb1 {[%clk 0:24:18]} Bf8 {[%clk 0:38:22]} 28. Qxg6
{[%clk 0:23:56]} c5 {[%clk 0:38:31]} 29. Be5 {[%clk 0:23:26]} Qf7
{[%clk 0:38:28]} 30. Qe4 {[%clk 0:22:36]} Qf5 {[%clk 0:32:03]} 31. Qc6
{[%clk 0:22:10]} Rd2 {[%clk 0:30:32]} 32. Bg3 {[%clk 0:22:05]} Bd6
{[%clk 0:28:28]} 33. Bxd6 {[%clk 0:15:19]} Qxf2+ {[%clk 0:28:49]} 34. Kh2
{[%clk 0:15:47]} Qxe1 {[%clk 0:29:05]} 35. Qe8+ {[%clk 0:16:12]} Kh7
{[%clk 0:29:30]} 36. Qh5+ {[%clk 0:16:39]} Kg8 {[%clk 0:29:53]} 37. Qe8+
{[%clk 0:17:06]} Kh7 {[%clk 0:30:19]} 38. Qh5+ {[%clk 0:17:32]} Kg8
{[%clk 0:30:44]} 39. Qe8+ {[%clk 0:18:00]} Kh7 {[%clk 0:31:04]} 40. Qh5+
{[%clk 0:48:28]} Kg8 {[%clk 0:30:49]} 1/2-1/2

[Event "Moscow Open 2018 AB"]
[Site "?"]
[Date "2018.01.31"]
[Round "5.3"]
[White "Afanasiev, Nikita"]
[Black "Bocharov, Ivan"]
[Result "1/2-1/2"]
[BlackElo "2534"]
[WhiteElo "2364"]
[LiveChessVersion "1.4.8"]

1. e4 {[%clk 1:30:26]} e5 {[%clk 1:30:50]} 2. Nf3 {[%clk 1:30:48]} Nc6
{[%clk 1:31:14]} 3. Bb5 {[%clk 1:31:13]} a6 {[%clk 1:31:39]} 4. Bxc6
{[%clk 1:31:29]} dxc6 {[%clk 1:32:07]} 5. d4 {[%clk 1:31:53]} exd4
{[%clk 1:31:58]} 6. Qxd4 {[%clk 1:32:18]} Qxd4 {[%clk 1:30:10]} 7. Nxd4
{[%clk 1:32:45]} c5 {[%clk 1:29:29]} 8. Nb3 {[%clk 1:32:47]} f5 {[%clk 1:27:06]}
9. Nc3 {[%clk 1:24:36]} Bd7 {[%clk 1:10:04]} 10. Bf4 {[%clk 1:18:40]} O-O-O
{[%clk 1:08:48]} 11. O-O-O {[%clk 1:18:58]} Ne7 {[%clk 1:07:33]} 12. exf5
{[%clk 1:18:58]} Ng6 {[%clk 0:58:15]} 13. Bg3 {[%clk 1:06:55]} Bd6
{[%clk 0:58:15]} 14. Nd5 {[%clk 0:50:45]} Bc6 {[%clk 0:57:44]} 15. Nf4
{[%clk 0:43:50]} Nxf4 {[%clk 0:57:44]} 16. f3 {[%clk 0:44:14]} Be4 17. Rde1
{[%clk 0:32:16]} Bd5 {[%clk 0:40:02]} 18. Re7 {[%clk 0:32:33]} Rd7
{[%clk 0:40:24]} 19. Rhe1 {[%clk 0:32:01]} b5 {[%clk 0:39:18]} 20. Rxd7
{[%clk 0:23:52]} Kxd7 {[%clk 0:39:46]} 21. Re5 {[%clk 0:24:15]} c6
{[%clk 0:39:17]} 22. Bf2 {[%clk 0:24:41]} Re8 {[%clk 0:34:24]} 23. Rxe8
{[%clk 0:24:27]} Kxe8 {[%clk 0:34:53]} 24. Bxc5 {[%clk 0:24:49]} g5
{[%clk 0:25:37]} 25. Kd2 {[%clk 0:24:06]} g4 {[%clk 0:24:58]} 26. fxg4
{[%clk 0:23:58]} Bxg2 {[%clk 0:25:26]} 27. Ke3 {[%clk 0:22:24]} a5
{[%clk 0:21:57]} 28. a4 {[%clk 0:13:16]} bxa4 {[%clk 0:22:18]} 29. Bb6
{[%clk 0:13:42]} a3 {[%clk 0:22:01]} 30. bxa3 {[%clk 0:14:10]} a4
{[%clk 0:22:28]} 31. Kxf4 {[%clk 0:13:04]} Kf7+ {[%clk 0:22:49]} 32. Ke5
{[%clk 0:12:51]} Bf3+ {[%clk 0:22:39]} 33. g5 {[%clk 0:13:11]} Bd1+
{[%clk 0:22:52]} 34. c3 {[%clk 0:13:37]} Bf3+ {[%clk 0:22:59]} 35. Kf4
{[%clk 0:13:58]} Bd1+ {[%clk 0:23:22]} 36. Ke5 {[%clk 0:14:06]} Bf3+
{[%clk 0:23:44]} 37. Kf4 {[%clk 0:14:30]} Bd1+ {[%clk 0:24:13]} 38. Ke5
{[%clk 0:14:55]} Bf3+ {[%clk 0:24:41]} 39. Kf4 {[%clk 0:45:19]} Bd1+
{[%clk 0:55:10]} 40. Ke5 {[%clk 0:45:43]} 1/2-1/2

[Event "Moscow Open 2018 AB"]
[Site "?"]
[Date "2018.01.31"]
[Round "5.4"]
[White "Urazayev, Arystanbek"]
[Black "Tsydypov, Zhamsaran"]
[Result "1-0"]
[BlackElo "2523"]
[WhiteElo "2346"]
[LiveChessVersion "1.4.8"]

1. e4 {[%clk 1:30:57]} e5 {[%clk 1:23:06]} 2. Nf3 {[%clk 1:31:13]} Nc6
{[%clk 1:23:14]} 3. Bb5 {[%clk 1:31:36]} a6 {[%clk 1:23:30]} 4. Ba4
{[%clk 1:32:01]} Nf6 {[%clk 1:23:52]} 5. d3 {[%clk 1:32:24]} b5 {[%clk 1:23:19]}
6. Bb3 {[%clk 1:32:48]} Be7 {[%clk 1:22:42]} 7. O-O {[%clk 1:32:15]} O-O
{[%clk 1:23:04]} 8. Nc3 {[%clk 1:32:23]} d6 {[%clk 1:21:40]} 9. a3
{[%clk 1:32:20]} Be6 {[%clk 1:18:56]} 10. Bg5 {[%clk 1:31:06]} Bxb3
{[%clk 1:11:33]} 11. cxb3 {[%clk 1:31:28]} Nd7 {[%clk 1:07:08]} 12. Be3
{[%clk 1:26:29]} Bf6 {[%clk 1:02:14]} 13. Rc1 {[%clk 1:16:24]} Ne7
{[%clk 1:01:53]} 14. b4 {[%clk 1:15:20]} Qb8 {[%clk 0:51:21]} 15. Nd2
{[%clk 1:08:41]} a5 {[%clk 0:44:10]} 16. bxa5 {[%clk 1:00:15]} Rxa5
{[%clk 0:44:17]} 17. Qg4 {[%clk 0:53:00]} Rd8 {[%clk 0:44:25]} 18. h4
{[%clk 0:46:14]} c5 {[%clk 0:38:30]} 19. Ne2 {[%clk 0:40:57]} Qc8
{[%clk 0:35:17]} 20. h5 {[%clk 0:36:48]} Nf8 {[%clk 0:34:00]} 21. Qg3
{[%clk 0:36:01]} Ne6 {[%clk 0:34:16]} 22. h6 {[%clk 0:30:02]} Ng6
{[%clk 0:32:05]} 23. Rc2 {[%clk 0:18:15]} Qd7 {[%clk 0:31:12]} 24. Nb1
{[%clk 0:16:14]} gxh6 {[%clk 0:28:20]} 25. Nbc3 {[%clk 0:13:38]} Kh8
{[%clk 0:27:58]} 26. Nd5 {[%clk 0:13:18]} Bg7 {[%clk 0:27:25]} 27. Qh2
{[%clk 0:11:42]} Ng5 {[%clk 0:23:53]} 28. Ng3 {[%clk 0:09:25]} Qg4
{[%clk 0:23:37]} 29. f3 {[%clk 0:08:16]} Qh4 {[%clk 0:23:50]} 30. Nf5
{[%clk 0:08:04]} Qxh2+ {[%clk 0:24:14]} 31. Kxh2 {[%clk 0:08:29]} Ne6
{[%clk 0:24:21]} 32. g3 {[%clk 0:07:33]} h5 {[%clk 0:24:48]} 33. Kg2
{[%clk 0:06:48]} h4 {[%clk 0:25:07]} 34. Nxh4 {[%clk 0:05:15]} Nxh4+
{[%clk 0:25:27]} 35. gxh4 {[%clk 0:05:41]} Ra7 {[%clk 0:25:09]} 36. Kh3
{[%clk 0:02:47]} Nc7 {[%clk 0:25:14]} 37. Ne7 {[%clk 0:02:48]} Rd7
{[%clk 0:17:32]} 38. Nf5 {[%clk 0:03:13]} Ne6 {[%clk 0:17:16]} 39. Rg1
{[%clk 0:03:22]} h5 {[%clk 0:16:58]} 40. Rcg2 {[%clk 0:32:14]} Bf6
{[%clk 0:46:20]} 41. Ng3 {[%clk 0:24:23]} d5 {[%clk 0:46:04]} 42. Nxh5
{[%clk 0:24:27]} Be7 {[%clk 0:40:28]} 43. Rg8+ {[%clk 0:19:12]} Kh7
{[%clk 0:40:53]} 44. Bxc5 {[%clk 0:19:17]} 1-0

[Event "Moscow Open 2018 AB"]
[Site "?"]
[Date "2018.01.31"]
[Round "5.5"]
[White "Bryakin, Mikhail"]
[Black "Sindarov, Javokhir"]
[Result "1/2-1/2"]
[BlackElo "2429"]
[WhiteElo "2349"]
[LiveChessVersion "1.4.8"]

1. d4 {[%clk 1:30:55]} d5 {[%clk 1:30:48]} 2. Nf3 {[%clk 1:31:07]} c6
{[%clk 1:31:08]} 3. g3 {[%clk 1:31:28]} Nf6 {[%clk 1:31:23]} 4. Bg2
{[%clk 1:31:45]} Bg4 {[%clk 1:31:35]} 5. O-O {[%clk 1:31:59]} Nbd7
{[%clk 1:32:02]} 6. b3 {[%clk 1:30:50]} e6 {[%clk 1:32:08]} 7. c4
{[%clk 1:31:08]} Bd6 {[%clk 1:32:14]} 8. Nc3 {[%clk 1:30:48]} O-O
{[%clk 1:32:22]} 9. Bb2 {[%clk 1:29:52]} Re8 {[%clk 1:29:19]} 10. h3
{[%clk 1:25:49]} Bh5 {[%clk 1:29:45]} 11. g4 {[%clk 1:24:59]} Bg6
{[%clk 1:30:11]} 12. Nh4 {[%clk 1:25:04]} Be4 {[%clk 1:20:26]} 13. Nf3
{[%clk 1:21:16]} Bg6 {[%clk 1:10:36]} 14. Nh4 {[%clk 1:21:26]} Be4
{[%clk 1:08:53]} 15. Nf3 {[%clk 1:21:32]} Bg6 {[%clk 1:08:09]} 16. Nh4 1/2-1/2

[Event "Moscow Open 2018 AB"]
[Site "?"]
[Date "2018.01.31"]
[Round "5.7"]
[White "Drygalov, Sergey"]
[Black "Kokarev, Dmitry"]
[Result "1/2-1/2"]
[BlackElo "2616"]
[WhiteElo "2412"]
[LiveChessVersion "1.4.8"]

1. e4 {[%clk 1:30:58]} c5 {[%clk 1:30:47]} 2. Nf3 {[%clk 1:31:24]} d6
{[%clk 1:31:11]} 3. d4 {[%clk 1:31:47]} cxd4 {[%clk 1:31:33]} 4. Nxd4
{[%clk 1:32:14]} Nf6 {[%clk 1:31:56]} 5. Nc3 {[%clk 1:32:41]} a6 {[%clk 1:32:20]}
6. h3 {[%clk 1:33:08]} e5 {[%clk 1:32:19]} 7. Nde2 {[%clk 1:33:10]} b5
{[%clk 1:32:38]} 8. Nd5 {[%clk 1:33:22]} Nbd7 {[%clk 1:32:59]} 9. Nec3
{[%clk 1:33:23]} Bb7 {[%clk 1:33:16]} 10. Bg5 {[%clk 1:33:15]} Rc8
{[%clk 1:33:36]} 11. a4 {[%clk 1:33:09]} b4 {[%clk 1:33:58]} 12. Bxf6
{[%clk 1:33:30]} Nxf6 {[%clk 1:34:23]} 13. Nxf6+ {[%clk 1:33:55]} Qxf6
{[%clk 1:34:34]} 14. Nd5 {[%clk 1:34:16]} Qg6 {[%clk 1:34:35]} 15. Qf3
{[%clk 1:34:04]} Be7 {[%clk 1:31:18]} 16. O-O-O {[%clk 1:32:55]} Rc5
{[%clk 1:28:20]} 17. Kb1 {[%clk 1:30:58]} Bd8 {[%clk 1:24:05]} 18. Qb3
{[%clk 1:25:24]} Qxe4 {[%clk 1:16:58]} 19. Nxb4 {[%clk 1:25:13]} a5
{[%clk 1:14:22]} 20. Na6 {[%clk 1:18:41]} Bxa6 {[%clk 1:05:24]} 21. Bxa6
{[%clk 1:19:02]} O-O {[%clk 1:05:46]} 22. Rxd6 {[%clk 1:17:17]} Qxg2
{[%clk 1:05:55]} 23. Rhd1 {[%clk 1:15:33]} Bh4 {[%clk 1:03:16]} 24. Rd7
{[%clk 1:09:02]} e4 {[%clk 1:02:59]} 25. Bb7 {[%clk 0:38:06]} Rf5
{[%clk 1:01:47]} 26. Qc4 {[%clk 0:31:44]} Rf4 {[%clk 0:55:47]} 27. R7d4
{[%clk 0:29:39]} g6 {[%clk 0:47:52]} 28. Bxe4 {[%clk 0:27:34]} Qxf2
{[%clk 0:48:09]} 29. Bd5 {[%clk 0:17:51]} Rxd4 {[%clk 0:48:04]} 30. Qxd4
{[%clk 0:18:17]} Re8 {[%clk 0:33:58]} 31. Qxf2 {[%clk 0:15:23]} Bxf2
{[%clk 0:34:15]} 32. Rf1 {[%clk 0:15:49]} Re1+ {[%clk 0:34:40]} 33. Rxe1
{[%clk 0:16:17]} Bxe1 {[%clk 0:35:04]} 34. c3 {[%clk 0:15:47]} Kg7
{[%clk 0:33:15]} 35. Kc2 {[%clk 0:16:11]} f5 {[%clk 0:33:36]} 36. Kd1
{[%clk 0:13:53]} Bg3 {[%clk 0:33:00]} 37. b4 {[%clk 0:14:17]} axb4
{[%clk 0:27:38]} 38. cxb4 {[%clk 0:14:30]} Bd6 {[%clk 0:28:04]} 39. b5
{[%clk 0:14:55]} Bc7 {[%clk 0:28:31]} 40. Kc2 {[%clk 0:44:30]} Kf6
{[%clk 0:58:54]} 41. Kc3 {[%clk 0:33:55]} Ke5 {[%clk 0:59:12]} 42. Bg8
{[%clk 0:20:52]} Ba5+ {[%clk 0:59:26]} 43. Kd3 {[%clk 0:18:17]} 1/2-1/2

[Event "Moscow Open 2018 AB"]
[Site "?"]
[Date "2018.01.31"]
[Round "5.8"]
[White "Vavulin, Maksim"]
[Black "Harutjunyan, Gevorg"]
[Result "1/2-1/2"]
[BlackElo "2407"]
[WhiteElo "2575"]
[LiveChessVersion "1.4.8"]

1. e4 {[%clk 1:30:58]} c5 {[%clk 1:30:50]} 2. Nf3 {[%clk 1:31:19]} e6
{[%clk 1:31:09]} 3. b3 {[%clk 1:29:19]} a6 {[%clk 1:28:37]} 4. Bb2
{[%clk 1:28:14]} Nc6 {[%clk 1:28:55]} 5. c4 {[%clk 1:27:14]} Nf6 {[%clk 1:28:49]}
6. Nc3 {[%clk 1:23:04]} d5 {[%clk 1:28:34]} 7. exd5 {[%clk 1:21:57]} exd5
{[%clk 1:28:56]} 8. Nxd5 {[%clk 1:16:46]} Nxd5 {[%clk 1:28:32]} 9. cxd5
{[%clk 1:17:10]} Qxd5 {[%clk 1:27:55]} 10. Bc4 {[%clk 1:02:55]} Qe4+
{[%clk 1:28:01]} 11. Qe2 {[%clk 1:01:51]} Qxe2+ {[%clk 1:26:04]} 12. Kxe2
{[%clk 1:02:17]} Bg4 {[%clk 1:19:09]} 13. h3 {[%clk 0:50:33]} Bxf3+
{[%clk 1:16:45]} 14. gxf3 {[%clk 0:43:44]} O-O-O {[%clk 1:12:54]} 15. Bxf7
{[%clk 0:41:51]} Nd4+ {[%clk 1:12:51]} 16. Kf1 {[%clk 0:41:27]} Be7
{[%clk 1:07:45]} 17. h4 {[%clk 0:35:53]} Rhf8 {[%clk 1:01:48]} 18. Bh5
{[%clk 0:35:54]} Kb8 {[%clk 0:53:15]} 19. Bg4 {[%clk 0:35:13]} Nxf3
{[%clk 0:51:29]} 20. Bxg7 {[%clk 0:22:45]} Nxd2+ {[%clk 0:46:12]} 21. Ke2
{[%clk 0:15:37]} Rg8 {[%clk 0:46:18]} 22. Be5+ {[%clk 0:15:03]} Bd6
{[%clk 0:45:45]} 23. Bxd6+ {[%clk 0:13:43]} Rxd6 {[%clk 0:46:10]} 24. Bh5
{[%clk 0:14:05]} Rg7 {[%clk 0:42:58]} 25. Rh3 {[%clk 0:11:25]} Rd5
{[%clk 0:40:48]} 26. Rd1 {[%clk 0:08:43]} Re5+ {[%clk 0:23:33]} 27. Kxd2
{[%clk 0:08:24]} Rxh5 {[%clk 0:23:58]} 28. Re1 {[%clk 0:05:12]} Rd7+
{[%clk 0:23:44]} 29. Kc3 {[%clk 0:04:48]} Rd4 {[%clk 0:22:35]} 30. Re7
{[%clk 0:02:43]} Rf4 {[%clk 0:19:39]} 31. Rg3 {[%clk 0:00:36]} Rhxh4
{[%clk 0:16:48]} 32. Rgg7 {[%clk 0:00:59]} Rh3+ {[%clk 0:11:34]} 33. Kd2
{[%clk 0:01:08]} Rxf2+ {[%clk 0:11:02]} 34. Ke1 {[%clk 0:01:35]} Rxa2
{[%clk 0:11:16]} 35. Rxb7+ {[%clk 0:01:59]} Ka8 {[%clk 0:11:29]} 36. Ra7+
{[%clk 0:02:19]} Kb8 {[%clk 0:11:54]} 37. Rab7+ {[%clk 0:02:43]} Ka8
{[%clk 0:12:19]} 38. Ra7+ {[%clk 0:03:06]} Kb8 {[%clk 0:12:43]} 39. Rab7+
{[%clk 0:03:30]} Ka8 {[%clk 0:13:07]} 40. Ra7+ {[%clk 0:33:56]} Kb8
{[%clk 0:43:28]} 1/2-1/2

[Event "Moscow Open 2018 AB"]
[Site "?"]
[Date "2018.01.31"]
[Round "5.9"]
[White "Murtazin, Bulat"]
[Black "Frolyanov, Dmitry"]
[Result "0-1"]
[BlackElo "2567"]
[WhiteElo "2394"]
[LiveChessVersion "1.4.8"]

1. d4 {[%clk 1:30:57]} Nf6 {[%clk 1:30:53]} 2. c4 {[%clk 1:31:22]} e6
{[%clk 1:31:20]} 3. Nf3 {[%clk 1:31:48]} d5 {[%clk 1:31:45]} 4. Nc3
{[%clk 1:32:13]} Bb4 {[%clk 1:32:10]} 5. Bg5 {[%clk 1:31:36]} Nbd7
{[%clk 1:31:59]} 6. e3 {[%clk 1:26:43]} c5 {[%clk 1:31:54]} 7. cxd5
{[%clk 1:12:20]} exd5 {[%clk 1:32:18]} 8. Bb5 {[%clk 1:12:43]} O-O
{[%clk 1:19:38]} 9. O-O {[%clk 1:08:21]} Bxc3 {[%clk 1:18:53]} 10. bxc3
{[%clk 1:08:45]} Qa5 {[%clk 1:17:23]} 11. Qb1 {[%clk 0:57:42]} c4
{[%clk 1:09:07]} 12. Bxd7 {[%clk 0:49:30]} Nxd7 {[%clk 1:09:31]} 13. Be7
{[%clk 0:49:56]} Re8 {[%clk 1:09:43]} 14. Ng5 {[%clk 0:50:17]} g6
{[%clk 1:09:50]} 15. Bb4 {[%clk 0:50:30]} Qc7 {[%clk 1:08:46]} 16. Qd1
{[%clk 0:42:50]} Nf6 {[%clk 1:06:20]} 17. Qa4 {[%clk 0:35:57]} a5
{[%clk 1:02:31]} 18. Bc5 {[%clk 0:28:23]} b6 {[%clk 1:01:45]} 19. Ba3
{[%clk 0:28:52]} Bd7 {[%clk 1:01:44]} 20. Qd1 {[%clk 0:28:33]} b5
{[%clk 1:01:07]} 21. Qf3 {[%clk 0:23:53]} Bf5 {[%clk 0:56:57]} 22. Nh3
{[%clk 0:23:16]} Ne4 {[%clk 0:56:03]} 23. Rfc1 {[%clk 0:23:25]} b4
{[%clk 0:48:29]} 24. Bb2 {[%clk 0:21:33]} Qd7 {[%clk 0:45:30]} 25. a3
{[%clk 0:18:02]} Nd2 {[%clk 0:38:24]} 26. Qg3 {[%clk 0:18:11]} Bxh3
{[%clk 0:37:45]} 27. gxh3 {[%clk 0:18:16]} bxc3 {[%clk 0:34:03]} 28. Bxc3
{[%clk 0:17:57]} Nb3 {[%clk 0:34:29]} 29. Rcb1 {[%clk 0:18:25]} Nxa1
{[%clk 0:34:49]} 30. Bxa1 {[%clk 0:18:49]} Qa4 {[%clk 0:31:50]} 31. Qd6
{[%clk 0:08:09]} Rad8 {[%clk 0:31:07]} 32. Qc7 {[%clk 0:07:17]} Rc8
{[%clk 0:30:53]} 33. Qd6 {[%clk 0:07:29]} c3 {[%clk 0:30:24]} 34. Rc1
{[%clk 0:06:27]} c2 {[%clk 0:30:35]} 35. Kg2 {[%clk 0:06:36]} Qb3
{[%clk 0:30:47]} 0-1

[Event "Moscow Open 2018 AB"]
[Site "?"]
[Date "2018.01.31"]
[Round "5.10"]
[White "Timofeev, Artyom"]
[Black "Kardashevskiy, Evgeny"]
[Result "1/2-1/2"]
[BlackElo "2400"]
[WhiteElo "2563"]
[LiveChessVersion "1.4.8"]

1. e4 {[%clk 1:30:56]} c5 {[%clk 1:30:48]} 2. Nf3 {[%clk 1:31:20]} d6
{[%clk 1:31:07]} 3. g3 {[%clk 1:26:11]} g6 {[%clk 1:27:55]} 4. Bg2
{[%clk 1:26:29]} Bg7 {[%clk 1:28:12]} 5. O-O {[%clk 1:26:49]} Nc6
{[%clk 1:28:01]} 6. c3 {[%clk 1:27:06]} e5 {[%clk 1:27:11]} 7. Na3
{[%clk 1:27:10]} Nge7 {[%clk 1:26:56]} 8. Nc2 {[%clk 1:27:10]} O-O
{[%clk 1:25:30]} 9. d4 {[%clk 1:25:51]} cxd4 {[%clk 1:20:31]} 10. cxd4
{[%clk 1:26:11]} exd4 {[%clk 1:20:08]} 11. Nfxd4 {[%clk 1:25:45]} Nxd4
{[%clk 1:15:05]} 12. Nxd4 {[%clk 1:26:03]} d5 {[%clk 1:13:49]} 13. exd5
{[%clk 1:25:07]} Nxd5 {[%clk 1:12:09]} 14. a4 {[%clk 1:25:24]} Nb4
{[%clk 1:07:59]} 15. Be3 {[%clk 1:25:36]} Nd5 {[%clk 1:06:31]} 16. Bc1
{[%clk 1:25:46]} Nb4 {[%clk 1:06:52]} 17. Nb5 {[%clk 1:26:06]} Nd3
{[%clk 1:05:50]} 18. Nc3 {[%clk 1:23:05]} Be6 {[%clk 0:57:39]} 19. Nd5
{[%clk 1:19:25]} Bxd5 {[%clk 0:56:39]} 20. Qxd3 {[%clk 1:19:49]} Bxg2
{[%clk 0:56:57]} 21. Qxd8 {[%clk 1:20:14]} Rfxd8 {[%clk 0:55:18]} 22. Kxg2
{[%clk 1:20:29]} Rac8 {[%clk 0:54:45]} 23. Be3 {[%clk 1:12:57]} Bd4
{[%clk 0:52:56]} 24. Ra3 {[%clk 1:03:07]} Bxe3 {[%clk 0:44:27]} 25. Rxe3
{[%clk 1:03:20]} Re8 {[%clk 0:39:38]} 26. Rd3 {[%clk 1:02:08]} Red8
{[%clk 0:39:48]} 27. Re3 {[%clk 1:02:18]} Re8 {[%clk 0:40:11]} 28. Rd3
{[%clk 1:02:31]} Red8 {[%clk 0:40:16]} 29. Re3 {[%clk 1:02:24]} Re8
{[%clk 0:39:28]} 1/2-1/2